Zákon o sociálnom fonde s komentárom
Úplné znenie zákona NR SR č.152/1994 Z.z. o sociálnom fonde a zmene a doplnení zákona č.286/1992 Zb. a zákona č.280/1995 Z.z. a zákona č.375/1996 Z.z. Komentár k novele zákona o sociálnom fonde.
Salvato in:
| Autore principale: | |
|---|---|
| Natura: | Capitolo di libro |
| Lingua: | slovacco |
| Soggetti: | |
| Tags: |
Nessun Tag, puoi essere il primo ad aggiungerne!!
|
MARC
| LEADER | 00000naa a2200000 4500 | ||
|---|---|---|---|
| 001 | r025932 | ||
| 005 | 20230919070835.9 | ||
| 041 | 0 | |a slo | |
| 044 | |a SK | ||
| 245 | 1 | 0 | |a Zákon o sociálnom fonde s komentárom |c E. Kováčiková |
| 520 | |a Úplné znenie zákona NR SR č.152/1994 Z.z. o sociálnom fonde a zmene a doplnení zákona č.286/1992 Zb. a zákona č.280/1995 Z.z. a zákona č.375/1996 Z.z. Komentár k novele zákona o sociálnom fonde. | ||
| 610 | 2 | 0 | |a zákony |
| 610 | 2 | 0 | |a Slovensko |
| 610 | 2 | 0 | |a 1992-1996 |
| 610 | 2 | 0 | |a fond sociálny |
| 610 | 2 | 0 | |a novelizácia |
| 610 | 2 | 0 | |a zamestnanci |
| 610 | 2 | 0 | |a zamestnávatelia |
| 610 | 2 | 0 | |a politika sociálna podniková |
| 100 | 1 | |a Kováčiková, E. | |